Science Quiz

Random Science or Elements Quiz

Scientists by Symbol Quiz Stats

Quiz Updated Oct 20, 2015

Challenge
Share
Tweet
Embed
Score 0/18 Timer 05:00
4 Plays Today
Elements Scientist % Correct
Potassium, Oxygen, Carbon, HydrogenRobert Koch
92.7%
Tellurium, Sulfur, LanthanumNikola Tesla
92.3%
Sulfur, Aluminum, PotassiumJonas Salk
91.8%
Gallium, Uranium, Sulfur, SulfurCarl Friedrich Gauss
91.4%
Boron, Uranium, Nitrogen, Selenium, NitrogenRobert Bunsen
89.7%
Cobalt, Phosphorus, Erbium, Nickel, Copper, SulfurNicolaus Copernicus
88.1%
Carbon, Argon, Vanadium, ErbiumGeorge Washington Carver
87.6%
Fluorine, Radium, Nitrogen, Potassium, Lithium, NitrogenBenjamin Franklin
87.3%
Sulfur, Potassium, Iodine, Nitrogen, Nitrogen, ErbiumB. F. Skinner
86.4%
Elements Scientist % Correct
Chromium, Iodine, Carbon, PotassiumFrancis Crick
86%
Phosphorus, Lanthanum, Nitrogen, Carbon, PotassiumMax Planck
85.4%
Helium, Iodine, Selenium, Nitrogen, Beryllium, RoentgeniumWerner Heisenberg
83.9%
Boron, Radium, HeliumTycho Brahe
83.4%
Fluorine, Iodine, Scandium, Hydrogen, ErbiumHermann Emil Fischer
81.2%
Lithium, Boron, Boron, YttriumWillard Libby
81.1%
Potassium, Iridium, Carbon, Hydrogen, Hydrogen, Oxygen, Fluorine, FluorineGustav Kirchhoff
80.6%
Barium, Yttrium, Lithium, Sulfur, SulfurWilliam Bayliss
79.5%
Hydrogen, Uranium, Yttrium, Germanium, Nitrogen, SulfurChristiaan Huygens
78.6%

You're not logged in!

Compare scores with friends on all Sporcle quizzes.
Sign Up with Email
OR
Log In

You Might Also Like...

Show Comments

Extras

Top Quizzes Today


Score Distribution

Your Account Isn't Verified!

In order to create a playlist on Sporcle, you need to verify the email address you used during registration. Go to your Sporcle Settings to finish the process.